| 000 | 00692cam a2200217 a 4500 | ||
|---|---|---|---|
| 001 | 000002749 | ||
| 005 | 20200929150241.0 | ||
| 008 | 840815s1981 sp 000 0 spa | ||
| 020 | _a8485823117 | ||
| 040 |
_aDO-SdBNP _cDLC _dDLC |
||
| 082 |
_aAr861.08 _bG216ó |
||
| 100 | 1 |
_aGarcía Saraví, Gustavo. _98660 |
|
| 245 | 1 | 0 |
_aObras completas / _cGustavo García Saraví ; edición de Sara M. Parkinson de Saz. |
| 260 |
_aMadrid : _bEmpeño 14, _c1981. |
||
| 300 |
_a781 p. ; _c21 cm. |
||
| 650 | 4 |
_aPoesía argentina _xColecciones _98661 |
|
| 650 | 4 |
_aLiteratura argentina _93860 |
|
| 700 | 1 |
_aParkinson de Sanz, Sara M., _eed. _98662 |
|
| 910 | _aCatalogación por copia / LC | ||
| 910 | _aWM | ||
| 999 |
_c2583 _d2583 |
||